000 00545nam a2200193Ia 4500
005 20260429112046.0
008 260429s9999||||xx |||||||||||||| ||und||
020 _a9781835350232
041 _aEnglish
082 _a515.35
_bEPS
100 _aEpstein, B.
245 0 _aIntroduction to non-linear differential equations /
_cB. Epstein
250 _a1st ed.
260 _aLondon :
_bETP ED- Tech Press,
_c2025.
300 _axiii, 305 p.; hb
650 _a Applied mathematics
650 _aNonlinear differential equations
942 _cTB
999 _c52137
_d52137